|
|
|
|
| LEADER |
00000n m0a2200000 4500 |
| 001 |
48731 |
| 005 |
20240110145207.0 |
| 035 |
|
|
|a (RuTPU)RU\TPU\book\51034
|
| 090 |
|
|
|a 48731
|
| 100 |
|
|
|a 20030321d2002 m y0rusy50 ca
|
| 101 |
0 |
|
|a rus
|
| 102 |
|
|
|a RU
|
| 105 |
|
|
|a a j 001zy
|
| 200 |
1 |
|
|a Современные методы диагностики нагруженных материалов и конструкций
|e учебное пособие
|f С. В. Панин
|g Томский политехнический университет
|
| 210 |
|
|
|a Томск
|c Изд-во ТПУ
|d 2002
|
| 215 |
|
|
|a 174 с.
|c ил.
|
| 320 |
|
|
|a Библиогр.: с. 174
|
| 610 |
1 |
|
|a материаловедение
|
| 610 |
1 |
|
|a техническая диагностика
|
| 610 |
1 |
|
|a неразрушающий контроль
|
| 610 |
1 |
|
|a радиография
|
| 610 |
1 |
|
|a томография
|
| 610 |
1 |
|
|a акустические материалы
|
| 610 |
1 |
|
|a магнитные методы
|
| 610 |
1 |
|
|a нагруженные материалы
|
| 610 |
1 |
|
|a учебные пособия
|
| 675 |
|
|
|a 620.179.1(075.8)
|v 3
|
| 700 |
|
1 |
|a Панин
|b С. В.
|c специалист в области материаловедения
|c профессор Томского политехнического университета, доктор технических наук
|f 1971-
|g Сергей Викторович
|3 (RuTPU)RU\TPU\pers\26548
|9 12237
|
| 712 |
0 |
2 |
|a Томский политехнический университет
|3 (RuTPU)RU\TPU\col\376
|
| 801 |
|
1 |
|a RU
|b 63413507
|c 20030321
|g PSBO
|
| 801 |
|
2 |
|a RU
|b 63413507
|c 20201119
|g PSBO
|
| 942 |
|
|
|c BK
|